Statistics for Pacific Ocean Island Countries

Click here to take the quiz!

General Stats

  • This quiz has been taken 20,324 times
    (20,312 since last reset)
  • The average score is 17 of 19

Answer Stats

km2 country % Correct
1,904,569Indonesia
96%
270,467New Zealand
95%
18,272Fiji
93%
377,930Japan
91%
342,353Philippines
91%
462,840Papua New Guinea
90%
702F. S. Micronesia
89%
28,896Solomon Islands
89%
181Marshall Islands
89%
2,842Samoa
89%
26Tuvalu
88%
21Nauru
88%
12,189Vanuatu
88%
747Tonga
87%
459Palau
87%
811Kiribati
86%
36,193Taiwan
84%
710Singapore
71%
5,765Brunei
69%

Score Distribution

Percentile by Number Answered

Percent of People with Each Score

Your Score History

You have not taken this quiz since the last reset